[Event "XVII Weekend B"]
[Site "Ceriano Laghetto ITA"]
[Date "2008.03.30"]
[Round "5"]
[White "Oteri, Aldo"]
[Black "Regorda, Vittorio"]
[Result "0-1"]
[WhiteElo "1887"]
[BlackElo "1863"]
[PlyCount "44"]
[EventDate "2008.03.28"]

1.e4 c6 2.d4 d5 3.exd5 cxd5 4.c4 Nf6 5.Nc3 Bf5 6.Nf3 Nc6 7.Ne5 Nxe5 8.dxe5
Nd7 9.Bf4 dxc4 10.Bxc4 e6 11.O-O a6 12.Qe2 Be7 13.Rfd1 Qc7 14.Ne4 O-O 15.
Nd6 Nb6 16.Nxf5 exf5 17.Bb3 Rad8 18.e6 Bd6 19.exf7+ Kh8 20.Rxd6 Rxd6 21.
Qe1 Nc8 22.Bh6 Qd8 0-1

[Event "XVII Weekend B"]
[Site "Ceriano Laghetto ITA"]
[Date "2008.03.30"]
[Round "5"]
[White "Parenti, Davide"]
[Black "Colombo, Sandro"]
[Result "1-0"]
[WhiteElo "1901"]
[BlackElo "1859"]
[PlyCount "61"]
[EventDate "2008.03.28"]

1.d4 d5 2.Nf3 e6 3.c4 Nf6 4.Nc3 c5 5.e3 dxc4 6.Bxc4 Nc6 7.O-O cxd4 8.exd4 
Be7 9.Be3 O-O 10.h3 Qc7 11.Qe2 a6 12.Rac1 b5 13.Nxb5 axb5 14.Bxb5 Bb7 15.
Bxc6 Bxc6 16.Ne5 Rxa2 17.Nxc6 Qb7 18.Nxe7+ Qxe7 19.Rc2 Qb4 20.d5 Rb8 21.
dxe6 Rxb2 22.Rxb2 Qxb2 23.exf7+ Kxf7 24.Qc4+ Kg6 25.Rc1 Qb5 26.Qc7 Nd5 27.
Rc6+ Nf6 28.Qg3+ Kf7 29.Rc7+ Nd7 30.Qd6 Ke8 31.Bg5 1-0

[Event "XVII Weekend B"]
[Site "Ceriano Laghetto ITA"]
[Date "2008.03.30"]
[Round "5"]
[White "Primerano, Carlo"]
[Black "Greco, Umberto"]
[Result "1/2-1/2"]
[WhiteElo "1750"]
[BlackElo "1650"]
[PlyCount "54"]
[EventDate "2008.03.28"]

1.d4 Nf6 2.c4 g6 3.Nc3 d5 4.Nf3 Bg7 5.Bg5 Ne4 6.cxd5 Nxc3 7.bxc3 Qxd5 8.
Qd2 Bg4 9.h3 Bxf3 10.gxf3 e5 11.e4 Qa5 12.f4 exf4 13.Bxf4 Nd7 14.Be3 Nb6 
15.Rb1 O-O-O 16.Rb5 Qa4 17.Qb2 Rhe8 18.Qb3 Qxb3 19.axb3 f5 20.e5 h6 21.Kd1
Nd5 22.Bd2 c6 23.Rxd5 Rxd5 24.Bc4 Ra5 25.Kc2 b5 26.b4 Ra6 27.Bf7 Re7 
1/2-1/2

[Event "XVII Weekend B"]
[Site "Ceriano Laghetto ITA"]
[Date "2008.03.30"]
[Round "5"]
[White "Rabbiosi, Carlo"]
[Black "Brighenti, Alessandro"]
[Result "1-0"]
[WhiteElo "1838"]
[BlackElo "1593"]
[PlyCount "30"]
[EventDate "2008.03.28"]

1.e4 e5 2.f4 d5 3.d3 exf4 4.Bxf4 dxe4 5.Nc3 Bb4 6.dxe4 Qxd1+ 7.Rxd1 Nf6 8.
Bd3 O-O 9.Ne2 Re8 10.O-O Bc5+ 11.Kh1 Ng4 12.Nd5 Nf2+ 13.Rxf2 Bxf2 14.Nxc7 
Re7 15.Nxa8 Bg4 1-0

[Event "XVII Weekend B"]
[Site "Ceriano Laghetto ITA"]
[Date "2008.03.30"]
[Round "5"]
[White "Regorda, Massimiliano"]
[Black "Saffioti, Cristian"]
[Result "1-0"]
[WhiteElo "1906"]
[BlackElo "1949"]
[PlyCount "52"]
[EventDate "2008.03.28"]

1.e4 b6 2.d4 Bb7 3.Nc3 e6 4.Nf3 Nf6 5.e5 Nd5 6.Nxd5 Bxd5 7.c4 Bb7 8.a3 d5 
9.Be3 Be7 10.Rc1 O-O 11.Bd3 Nd7 12.O-O c5 13.Qd2 cxd4 14.Bxd4 dxc4 15.Rxc4
Nc5 16.Bxc5 Bxc5 17.Rh4 g6 18.Qh6 Re8 19.Ng5 Qxg5 20.Qxg5 Be7 21.Qg3 Bxh4 
22.Qxh4 Red8 23.Bc4 Rd7 24.Qf6 Rc8 25.b3 a6 26.a4 Rc5 1-0

[Event "XVII Weekend B"]
[Site "Ceriano Laghetto ITA"]
[Date "2008.03.30"]
[Round "5"]
[White "Ronconi, Fausto"]
[Black "Margstahler, Francesco"]
[Result "1-0"]
[WhiteElo "1733"]
[BlackElo "1764"]
[PlyCount "95"]
[EventDate "2008.03.28"]

1.d4 d5 2.c4 e6 3.Nc3 Nf6 4.Bg5 Nbd7 5.e3 c6 6.Nf3 Qa5 7.Qa4 Bb4 8.Qxa5 
Bxa5 9.Nd2 O-O 10.cxd5 cxd5 11.Bd3 Bxc3 12.bxc3 b6 13.c4 dxc4 14.Nxc4 Bb7 
15.O-O Be4 16.Be2 Bd5 17.Bf4 Ne4 18.f3 Bxc4 19.Bxc4 Nd2 20.Rfc1 Nxc4 21.
Rxc4 b5 22.Rc7 Nb6 23.Rb7 Rfc8 24.Rb1 Nd5 25.R1xb5 Nxf4 26.exf4 a6 27.Rc5 
Kf8 28.Kf2 Rxc5 29.dxc5 Rc8 30.Ra7 Rxc5 31.Rxa6 Ke7 32.a4 Rc2+ 33.Kg3 Kf6 
34.a5 Ra2 35.Ra8 e5 36.fxe5+ Kxe5 37.a6 Kd6 38.a7 Kc6 39.Rc8+ Kb7 40.Rf8 
Rxa7 41.Rxf7+ Kb8 42.Rxa7 Kxa7 43.Kf4 Kb6 44.Ke5 Kc5 45.h4 h6 46.g4 g6 47.
h5 gxh5 48.gxh5 1-0

[Event "XVII Weekend B"]
[Site "Ceriano Laghetto ITA"]
[Date "2008.03.30"]
[Round "5"]
[White "Stella, Luca"]
[Black "Beltrami, Chiara"]
[Result "1-0"]
[WhiteElo "1848"]
[BlackElo "1658"]
[PlyCount "68"]
[EventDate "2008.03.28"]

1.e4 e5 2.Nf3 d6 3.d4 Nd7 4.Bc4 c6 5.dxe5 dxe5 6.Ng5 Nh6 7.Qf3 Qf6 8.Qe2 
b5 9.Bb3 Nc5 10.Nc3 Nxb3 11.axb3 Qg6 12.h4 Bc5 13.f3 O-O 14.g4 Qd6 15.Be3 
Bxe3 16.Qxe3 Qd4 17.Qxd4 exd4 18.Ne2 c5 19.b4 f6 20.Nh3 cxb4 21.Nxd4 Bd7 
22.Nf4 Nf7 23.Nd5 Ne5 24.Nxb4 Rfd8 25.Nd5 Kf7 26.Ke2 Bc6 27.Nxc6 Nxc6 28.
Rad1 Ne5 29.Ra1 Rac8 30.Rxa7+ Kf8 31.c3 Nc4 32.b3 Ne5 33.Rb7 Rb8 34.Rc7 
Rd7 1-0

[Event "XVII Weekend A"]
[Site "Ceriano Laghetto ITA"]
[Date "2008.03.28"]
[Round "1"]
[White "Barberi, Alessandro"]
[Black "Bemporad, Filippo"]
[Result "1/2-1/2"]
[WhiteElo "2181"]
[BlackElo "2053"]
[PlyCount "67"]
[EventDate "2008.03.28"]

1. d4 d5 2. c4 c6 3. Nf3 Nf6 4. e3 g6 5. Nbd2 Bg7 6. b3 O-O 7. Bb2 b6 8. Bd3
Bb7 9. O-O Nbd7 10. Ne5 c5 11. f4 e6 12. Qc2 Rc8 13. Rad1 dxc4 14. bxc4 cxd4
15. exd4 Nd5 16. Rde1 Nb4 17. Qb3 Nxe5 18. fxe5 Nxd3 19. Qxd3 Qc7 20. Ba3 Rfd8
21. Bd6 Qc6 22. Rf2 Rxd6 23. exd6 Qxd6 24. Nb3 Ba6 25. Qf3 Qd7 26. c5 Bc4 27.
Rd1 Bxb3 28. axb3 Bxd4 29. Rxd4 Qxd4 30. Qxf7+ Kh8 31. c6 Qd1+ 32. Rf1 Qd4+ 33.
Kh1 Qd5 34. Qf6+ 1/2-1/2

[Event "XVII Weekend A"]
[Site "Ceriano Laghetto ITA"]
[Date "2008.03.28"]
[Round "1"]
[White "Burlando, Alessandro"]
[Black "Gagliardi, Christian"]
[Result "1/2-1/2"]
[WhiteElo "2058"]
[BlackElo "2186"]
[PlyCount "21"]
[EventDate "2008.03.28"]

1. d4 g6 2. c4 Bg7 3. Nc3 d6 4. e4 Nf6 5. Be2 O-O 6. Bg5 Na6 7. Nf3 e5 8. dxe5
dxe5 9. Qxd8 Rxd8 10. Nd5 Rd6 11. Bxf6 1/2-1/2

[Event "XVII Weekend A"]
[Site "Ceriano Laghetto ITA"]
[Date "2008.03.28"]
[Round "1"]
[White "Martinez, Rolly"]
[Black "Brugo, Marco"]
[Result "1/2-1/2"]
[WhiteElo "2447"]
[BlackElo "2092"]
[PlyCount "131"]
[EventDate "2008.03.28"]

1. e4 e6 2. d4 d5 3. Nd2 Nf6 4. Bd3 c5 5. e5 Nfd7 6. c3 Nc6 7. Ne2 cxd4 8. cxd4
f6 9. exf6 Nxf6 10. Nf3 Bd6 11. O-O O-O 12. Bf4 Bxf4 13. Nxf4 Ne4 14. Qc1 Ng5
15. Nxg5 Qxg5 16. Ne2 Qf6 17. Qd2 a6 18. Rac1 Bd7 19. Bb1 Be8 20. Rc3 Bh5 21.
f3 Bg6 22. Bxg6 Qxg6 23. Rb3 Rf7 24. f4 Raf8 25. h3 Rc7 26. Rc1 Rfc8 27. Rbc3
Qf7 28. Qe3 Rf8 29. Kh2 Qf6 30. Rf1 Rcf7 31. Qd2 g6 32. Rcf3 Kh8 33. Rb3 Kg8
34. Rb6 Re8 35. Rb3 Ree7 36. Rc3 h6 37. Rg3 Kh7 38. Rb3 Rc7 39. Rc3 Rce7 40.
Rc5 Rd7 41. b4 Ne7 42. a4 Nf5 43. Rf3 Nd6 44. Qc2 Nc4 45. Qc3 b6 46. Rc8 Rc7
47. Rxc7 Rxc7 48. Qc2 Qf7 49. Rc3 Re7 50. g4 Qf6 51. Kg3 Rf7 52. Rf3 Kg7 53.
Qc3 Qe7 54. Kg2 Qd7 55. Qc2 Qd6 56. Rb3 Rc7 57. Qd3 Qd7 58. b5 axb5 59. axb5
Ra7 60. Kf2 Ra5 61. h4 Rxb5 62. Rxb5 Qxb5 63. h5 gxh5 64. gxh5 Qe8 65. Qg3+ Kh7
66. Qh4 1/2-1/2

[Event "XVII Weekend A"]
[Site "Ceriano Laghetto ITA"]
[Date "2008.03.28"]
[Round "1"]
[White "Mazzini, Antonio"]
[Black "Salvador, Roland"]
[Result "0-1"]
[WhiteElo "2106"]
[BlackElo "2462"]
[PlyCount "79"]
[EventDate "2008.03.28"]

1. d4 Nf6 2. c4 e6 3. Nc3 Bb4 4. Bg5 h6 5. Bh4 b6 6. f3 Nc6 7. e4 e5 8. a3
Bxc3+ 9. bxc3 Qe7 10. Ne2 d6 11. Nc1 Bd7 12. Be2 Na5 13. O-O g5 14. Bf2 c5 15.
a4 cxd4 16. cxd4 Rc8 17. Qc2 Nh5 18. Nb3 Nxb3 19. Qxb3 Nf4 20. Rfe1 Qe6 21. d5
Qg6 22. a5 g4 23. fxg4 Bxg4 24. Bf1 O-O 25. axb6 axb6 26. Bg3 Nh5 27. Re3 Kh8
28. h3 Bd7 29. Kh2 Nxg3 30. Rxg3 Qxe4 31. Qxb6 Rg8 32. Qxd6 Qf4 33. Raa3 Rxg3
34. Rxg3 Rg8 35. Kg1 Rxg3 36. Qxd7 Rg6 37. Qe7 Kg7 38. Qc5 Rf6 39. Be2 Ra6 40.
Bf3 0-1

[Event "XVII Weekend A"]
[Site "Ceriano Laghetto ITA"]
[Date "2008.03.28"]
[Round "1"]
[White "Quaranta, Cristiano"]
[Black "Sbarra, Marco"]
[Result "1/2-1/2"]
[WhiteElo "2088"]
[BlackElo "2250"]
[PlyCount "45"]
[EventDate "2008.03.28"]

1. d4 d5 2. c4 e6 3. Nc3 c5 4. cxd5 cxd4 5. Qxd4 Nc6 6. Qd1 exd5 7. Qxd5 Bd7 8.
Nf3 Nf6 9. Qb3 Bc5 10. e3 Qe7 11. Be2 g5 12. O-O g4 13. Nd4 O-O-O 14. Nxc6 Bxc6
15. Bb5 Bxb5 16. Qxb5 Kb8 17. e4 Qe5 18. Bf4 Qxf4 19. Qxc5 Rd2 20. Qe3 Nh5 21.
Qc5 Nf6 22. Qe3 Nh5 23. Qc5 1/2-1/2

[Event "XVII Weekend A"]
[Site "Ceriano Laghetto ITA"]
[Date "2008.03.28"]
[Round "1"]
[White "Valsecchi, Alessio"]
[Black "Ranfagni, Stefano"]
[Result "1/2-1/2"]
[WhiteElo "2238"]
[BlackElo "2071"]
[PlyCount "94"]
[EventDate "2008.03.28"]

1. e4 e5 2. Nf3 Nf6 3. Nc3 Nc6 4. Bb5 Bb4 5. O-O Bxc3 6. bxc3 O-O 7. Re1 d6 8.
h3 Ne7 9. Bf1 h6 10. Rb1 b6 11. d3 Be6 12. c4 c5 13. g3 Nd7 14. Bg2 Rb8 15. g4
f6 16. Nh4 g5 17. Nf5 Nxf5 18. exf5 Bf7 19. c3 Qc7 20. Qa4 Rbd8 21. Qb3 Rb8 22.
Qb5 Rfd8 23. Re2 Kg7 24. Rb3 h5 25. Qa6 hxg4 26. hxg4 Rh8 27. Ra3 Ra8 28. Qb7
Qxb7 29. Bxb7 Rab8 30. Rxa7 Rh4 31. Bg2 Rd8 32. Rb2 Rxg4 33. Kf1 Kf8 34. Bc6
Be8 35. Be3 Rh4 36. Ke2 Rh2 37. Bxd7 Rxd7 38. Rxd7 Bxd7 39. Rxb6 Ke7 40. d4
cxd4 41. cxd4 exd4 42. Bxd4 Bxf5 43. Kd2 g4 44. Rb3 Be6 45. Rb7+ Kf8 46. Kc3 g3
47. fxg3 Rxa2 1/2-1/2

[Event "XVII Weekend A"]
[Site "Ceriano Laghetto ITA"]
[Date "2008.03.28"]
[Round "1"]
[White "Virzi, Ettore"]
[Black "Stella, Andrea"]
[Result "0-1"]
[WhiteElo "2002"]
[BlackElo "2117"]
[PlyCount "78"]
[EventDate "2008.03.28"]

1. e4 e6 2. d4 d5 3. Nc3 Bb4 4. e5 c5 5. a3 Bxc3+ 6. bxc3 Ne7 7. Qg4 O-O 8. Bd3
f5 9. exf6 Rxf6 10. Bg5 Rf7 11. Qh5 g6 12. Qh4 Nbc6 13. Nf3 c4 14. Be2 Qa5 15.
Bd2 Nf5 16. Qg5 Nd6 17. Qh6 Nf5 18. Qg5 Nd6 19. Qh6 Ne4 20. Ng5 Nxd2 21. Kxd2
Rg7 22. Nf3 e5 23. Qe3 e4 24. Rhb1 Ne7 25. Ng5 h6 26. Nxe4 dxe4 27. Qxe4 Qg5+
28. f4 Qf6 29. Bxc4+ Kh7 30. g3 Nc6 31. Bd3 Bf5 32. Qf3 Rd8 33. Re1 Na5 34. Re5
Nc6 35. Ree1 Rgd7 36. Bxf5 Qxf5 37. Qe4 Nxd4 38. Qxf5 Nxf5+ 39. Ke2 Rd2+ 0-1

[Event "XVII Weekend A"]
[Site "Ceriano Laghetto ITA"]
[Date "2008.03.29"]
[Round "2"]
[White "Bemporad, Filippo"]
[Black "Mazzini, Antonio"]
[Result "1/2-1/2"]
[WhiteElo "2053"]
[BlackElo "2106"]
[PlyCount "65"]
[EventDate "2008.03.28"]

1. d4 Nf6 2. Nf3 g6 3. c4 Bg7 4. Nc3 d5 5. cxd5 Nxd5 6. Qa4+ Nc6 7. Ne5 Bxe5 8.
dxe5 Nxc3 9. bxc3 Qd5 10. Bb2 Be6 11. e4 Qxe5 12. Bb5 O-O 13. O-O f6 14. Bxc6
bxc6 15. Qxc6 Rab8 16. Ba3 Rb6 17. Qa4 Kf7 18. Qxa7 Bc4 19. f4 Qb5 20. Rfd1 Ra6
21. Qc5 Qxc5+ 22. Bxc5 Ke6 23. Rd2 Rb8 24. f5+ gxf5 25. exf5+ Kxf5 26. Bxe7 Re6
27. Rf2+ Kg6 28. Bb4 Ra8 29. a4 Re5 30. Rf4 Bb3 31. c4 Rxa4 32. Rxa4 Bxa4 33.
Bc3 1/2-1/2

[Event "XVII Weekend A"]
[Site "Ceriano Laghetto ITA"]
[Date "2008.03.29"]
[Round "2"]
[White "Bozzali, Ermanno"]
[Black "Virzi, Ettore"]
[Result "1-0"]
[WhiteElo "2165"]
[BlackElo "2002"]
[PlyCount "61"]
[EventDate "2008.03.28"]

1. c4 Nf6 2. Nc3 g6 3. d4 Bg7 4. Bf4 O-O 5. Nf3 d6 6. e3 Nbd7 7. Be2 b6 8. O-O
Bb7 9. Qc2 Re8 10. Rad1 Qc8 11. e4 e5 12. dxe5 Nxe5 13. Nxe5 dxe5 14. Be3 Bf8
15. Rd2 Rd8 16. Rfd1 Rxd2 17. Rxd2 c6 18. Qd1 h6 19. a3 Qc7 20. g3 Kg7 21. f4
Bc8 22. b4 Nd7 23. fxe5 Nxe5 24. Qa1 f6 25. Qf1 Bg4 26. Bf4 Bxe2 27. Nxe2 g5
28. Nd4 Re8 29. Bxe5 Rxe5 30. Qh3 Qb8 31. Nxc6 1-0

[Event "XVII Weekend A"]
[Site "Ceriano Laghetto ITA"]
[Date "2008.03.29"]
[Round "2"]
[White "Brugo, Marco"]
[Black "Valsecchi, Alessio"]
[Result "1/2-1/2"]
[WhiteElo "2092"]
[BlackElo "2238"]
[PlyCount "144"]
[EventDate "2008.03.28"]

1. d4 d5 2. c4 c6 3. Nc3 Nf6 4. Nf3 e6 5. e3 Nbd7 6. Bd3 dxc4 7. Bxc4 b5 8. Bd3
Bb7 9. e4 a6 10. e5 Nd5 11. Nxd5 cxd5 12. O-O Be7 13. Re1 Rc8 14. Be3 O-O 15.
Qd2 Nb6 16. b3 Ba3 17. Bg5 Be7 18. Bf4 a5 19. Qe3 Qd7 20. Ng5 Bxg5 21. Bxg5 f5
22. exf6 gxf6 23. Qxe6+ Qxe6 24. Rxe6 fxg5 25. Rxb6 Bc6 26. Bxb5 Bxb5 27. Rxb5
Rc2 28. Rxd5 h6 29. f3 Re8 30. Re5 Rd8 31. Rxa5 Rxd4 32. Ra4 Rdd2 33. Rg4 Kf7
34. a4 Kf6 35. a5 h5 36. Rg3 Kf5 37. h4 gxh4 38. Rg8 h3 39. gxh3 Kf4 40. a6 Ra2
41. Rxa2 Rxa2 42. Rg6 Kxf3 43. Rf6+ Kg3 44. Kf1 h4 45. b4 Kxh3 46. b5 Kg3 47.
Rg6+ Kf3 48. Kg1 Ra5 49. Rg5 Kf4 50. Rc5 Ke3 51. Rc8 Kf3 52. Kh2 Kg4 53. Rg8+
Kh5 54. b6 Ra2+ 55. Kg1 Ra1+ 56. Kf2 Ra2+ 57. Ke3 Ra3+ 58. Kd4 Ra4+ 59. Kc5
Ra5+ 60. Kc4 Rxa6 61. b7 Rb6 62. b8=Q Rxb8 63. Rxb8 Kg4 64. Rg8+ Kf3 65. Kd3 h3
66. Rf8+ Kg2 67. Ke2 h2 68. Rg8+ Kh1 69. Rf8 Kg2 70. Rg8+ Kh1 71. Rh8 Kg2 72.
Rg8+ Kh1 1/2-1/2

[Event "XVII Weekend A"]
[Site "Ceriano Laghetto ITA"]
[Date "2008.03.29"]
[Round "2"]
[White "Gagliardi, Christian"]
[Black "Quaranta, Cristiano"]
[Result "1/2-1/2"]
[WhiteElo "2186"]
[BlackElo "2088"]
[PlyCount "52"]
[EventDate "2008.03.28"]

1. e4 Nf6 2. e5 Nd5 3. d4 d6 4. c4 Nb6 5. exd6 exd6 6. Bd3 Be7 7. Ne2 Bg4 8.
O-O Nc6 9. Be3 Bh5 10. Qd2 O-O 11. Nf4 Bg6 12. Nxg6 hxg6 13. Na3 Bf6 14. Nc2 a5
15. b3 Qd7 16. Rad1 Nb4 17. Nxb4 axb4 18. Qxb4 Rxa2 19. d5 Qg4 20. Bb1 Ra6 21.
h3 Qh4 22. Rfe1 g5 23. Bf5 Be5 24. Qd2 g6 25. Bxg5 Qh8 26. Bd3 Bc3 1/2-1/2

[Event "XVII Weekend A"]
[Site "Ceriano Laghetto ITA"]
[Date "2008.03.29"]
[Round "2"]
[White "Ranfagni, Stefano"]
[Black "Barberi, Alessandro"]
[Result "0-1"]
[WhiteElo "2071"]
[BlackElo "2181"]
[PlyCount "84"]
[EventDate "2008.03.28"]

1. e4 g6 2. d4 Bg7 3. Nc3 d6 4. f4 a6 5. Nf3 b5 6. Bd3 Bb7 7. O-O Nd7 8. Ne2 c5
9. c3 cxd4 10. cxd4 Ngf6 11. Ng3 Qb6 12. Kh1 d5 13. e5 Ne4 14. Qe1 f5 15. Be3
O-O 16. Bc2 a5 17. Nxe4 fxe4 18. Ng5 Rac8 19. Bd1 e6 20. Bg4 Rfe8 21. Qh4 Nf8
22. Rac1 h6 23. Nh3 b4 24. Be2 Ba6 25. Qf2 a4 26. g4 Rxc1 27. Rxc1 Rc8 28. Rxc8
Bxc8 29. Qe1 Nd7 30. Qc1 Ba6 31. Bd1 b3 32. axb3 axb3 33. f5 exf5 34. gxf5 gxf5
35. Nf4 Bc4 36. e6 Nf6 37. Qa1 Qb4 38. Qa8+ Kh7 39. Ng2 Bf1 40. Qa3 Qxa3 41.
bxa3 b2 42. Bc2 Bd3 0-1

[Event "XVII Weekend A"]
[Site "Ceriano Laghetto ITA"]
[Date "2008.03.29"]
[Round "2"]
[White "Sbarra, Marco"]
[Black "Burlando, Alessandro"]
[Result "0-1"]
[WhiteElo "2250"]
[BlackElo "2058"]
[PlyCount "70"]
[EventDate "2008.03.28"]

1. d4 Nf6 2. c4 g6 3. Nc3 Bg7 4. e4 d6 5. Nf3 O-O 6. Be2 e5 7. d5 a5 8. Bg5 h6
9. Bh4 Na6 10. Nd2 Qe8 11. O-O Nh7 12. f3 h5 13. Rb1 Bd7 14. b3 Bh6 15. a3 Be3+
16. Kh1 Bc5 17. Qc1 f5 18. exf5 gxf5 19. Na2 Qg6 20. b4 axb4 21. axb4 Be3 22.
Qc2 Rf7 23. Nc3 Rg7 24. g3 Qh6 25. Rfd1 Ng5 26. Kg2 Rf8 27. c5 dxc5 28. Nc4
Nxb4 29. Qb3 Bd4 30. Na2 Nxa2 31. Qxa2 b5 32. Nd2 c4 33. f4 Ne4 34. Nxe4 fxe4
35. Qc2 Rxf4 0-1

[Event "XVII Weekend A"]
[Site "Ceriano Laghetto ITA"]
[Date "2008.03.29"]
[Round "2"]
[White "Stella, Andrea"]
[Black "Martinez, Rolly"]
[Result "0-1"]
[WhiteElo "2117"]
[BlackElo "2447"]
[PlyCount "80"]
[EventDate "2008.03.28"]

1. d4 Nf6 2. c4 e6 3. Nc3 Bb4 4. f3 d5 5. a3 Bxc3+ 6. bxc3 c5 7. e3 Qc7 8. Qc2
O-O 9. Bd3 Bd7 10. Bd2 Nc6 11. cxd5 exd5 12. Ne2 Rac8 13. O-O Rfe8 14. Ng3 Na5
15. Qb2 Re6 16. e4 Rb6 17. Qa2 Ba4 18. Rab1 Bb3 19. Qa1 Bc4 20. Bxc4 Nxc4 21.
Rxb6 Qxb6 22. Bg5 Qe6 23. Re1 cxd4 24. cxd4 dxe4 25. fxe4 h6 26. Bxf6 Qxf6 27.
Rf1 Qg5 28. Rc1 b5 29. Kh1 Rc6 30. Rf1 Ra6 31. Qe1 Rxa3 32. Qf2 Qf6 33. Nf5 Ne3
34. Qb2 Nxf1 35. Qxa3 g6 36. Qd6 Qxd6 37. Nxd6 b4 38. Nc4 b3 39. Kg1 Ne3 40.
Nb2 a5 0-1

[Event "XVII Weekend A"]
[Site "Ceriano Laghetto ITA"]
[Date "2008.03.29"]
[Round "3"]
[White "Barberi, Alessandro"]
[Black "Burlando, Alessandro"]
[Result "0-1"]
[WhiteElo "2181"]
[BlackElo "2058"]
[PlyCount "128"]
[EventDate "2008.03.28"]

1. d4 Nf6 2. Nf3 g6 3. c4 Bg7 4. g3 O-O 5. Bg2 d6 6. O-O Nbd7 7. Nc3 e5 8. e4
c6 9. h3 Qb6 10. dxe5 Nxe5 11. Nxe5 dxe5 12. Qc2 Be6 13. Be3 Qc7 14. b3 Rfd8
15. f4 Bh6 16. Rad1 Nh5 17. Qf2 exf4 18. gxf4 Rxd1 19. Nxd1 f5 20. e5 Rd8 21.
Bxa7 Bxf4 22. Bb6 Qxe5 23. Bxd8 Bh2+ 24. Kh1 Ng3+ 25. Kxh2 Ne2+ 26. Kh1 Ng3+
27. Qxg3 Qxg3 28. Bb6 f4 29. Bf2 Qd3 30. Kh2 f3 31. Re1 fxg2 32. Rxe6 g1=Q+ 33.
Kxg1 Qxd1+ 34. Kg2 Kf7 35. Re3 g5 36. a4 Qd2 37. Rf3+ Kg6 38. Kg3 Qd1 39. Kg2
h5 40. Re3 Qc2 41. Kg3 Qb1 42. Kg2 Qc2 43. Kg3 h4+ 44. Kg2 Kh5 45. Kf1 c5 46.
Kg2 b6 47. Kf1 Qd1+ 48. Kg2 Qd6 49. Kf1 Qc6 50. Kg1 Kg6 51. Re5 Qf3 52. Re3 Qc6
53. Re5 Kf6 54. Rd5 Qe6 55. Rd3 Qf5 56. Re3 Qd7 57. Kg2 Qb7+ 58. Kg1 Kf5 59.
Rd3 Kf4 60. Re3 Qd7 61. Kg2 Qd1 62. Rc3 Qe2 63. Kg1 Qd2 64. Re3 Qxe3 0-1

[Event "XVII Weekend A"]
[Site "Ceriano Laghetto ITA"]
[Date "2008.03.29"]
[Round "3"]
[White "Brugo, Marco"]
[Black "Stella, Andrea"]
[Result "1/2-1/2"]
[WhiteElo "2092"]
[BlackElo "2117"]
[PlyCount "22"]
[EventDate "2008.03.28"]

1. d4 Nf6 2. c4 Nc6 3. Nf3 e6 4. a3 d6 5. Nc3 g6 6. e4 Bg7 7. Be2 O-O 8. O-O
Re8 9. Bg5 h6 10. Bh4 g5 11. Bg3 Nh5 1/2-1/2

[Event "XVII Weekend A"]
[Site "Ceriano Laghetto ITA"]
[Date "2008.03.29"]
[Round "3"]
[White "Martinez, Rolly"]
[Black "Salvador, Roland"]
[Result "1/2-1/2"]
[WhiteElo "2447"]
[BlackElo "2462"]
[PlyCount "37"]
[EventDate "2008.03.28"]

1. c4 f5 2. Nc3 Nf6 3. d4 e6 4. g3 Bb4 5. Qd3 Ne4 6. Bg2 d5 7. f3 Nf6 8. a3
Bxc3+ 9. Qxc3 O-O 10. Nh3 c6 11. Nf4 Re8 12. Nd3 Nbd7 13. Bg5 h6 14. Bxf6 Qxf6
15. f4 Qe7 16. O-O Nf6 17. b4 Bd7 18. Ne5 Rac8 19. e3 1/2-1/2

[Event "XVII Weekend A"]
[Site "Ceriano Laghetto ITA"]
[Date "2008.03.29"]
[Round "3"]
[White "Mazzini, Antonio"]
[Black "Sbarra, Marco"]
[Result "0-1"]
[WhiteElo "2106"]
[BlackElo "2250"]
[PlyCount "76"]
[EventDate "2008.03.28"]

1. d4 d5 2. c4 e6 3. Nc3 c5 4. cxd5 exd5 5. Nf3 Nc6 6. g3 Nf6 7. Bg2 Be7 8. O-O
O-O 9. Bg5 c4 10. Rc1 Qa5 11. Ne5 Rd8 12. Nxc6 bxc6 13. Qc2 Be6 14. e4 dxe4 15.
Nxe4 Rxd4 16. Nxf6+ Bxf6 17. Bxf6 gxf6 18. Rfd1 Rad8 19. Rxd4 Rxd4 20. Bxc6 Rd2
21. Qe4 Rxb2 22. a4 Qd2 23. Qe3 Qxe3 24. fxe3 Rb6 25. Be4 f5 26. Bc2 Rb4 27.
Kf2 Kg7 28. Ke2 Kf6 29. Kd2 Rb2 30. Kc3 Ra2 31. Rb1 Bd7 32. Rb4 Ra3+ 33. Kd2
c3+ 34. Kd3 Bc6 35. Kd4 Be4 36. Bxe4 fxe4 37. Kxe4 c2 38. Rc4 Rxa4 0-1

[Event "XVII Weekend A"]
[Site "Ceriano Laghetto ITA"]
[Date "2008.03.29"]
[Round "3"]
[White "Quaranta, Cristiano"]
[Black "Bozzali, Ermanno"]
[Result "1-0"]
[WhiteElo "2088"]
[BlackElo "2165"]
[PlyCount "92"]
[EventDate "2008.03.28"]

1. d4 e6 2. Nf3 f5 3. d5 Nf6 4. dxe6 dxe6 5. Qxd8+ Kxd8 6. Nc3 Bb4 7. Bd2 Na6
8. a3 Bc5 9. O-O-O Ke8 10. e3 Ng4 11. Be1 Rf8 12. h3 Nf6 13. Bc4 c6 14. Na4 Be7
15. Bxa6 bxa6 16. Ne5 Bb7 17. Bb4 Bxb4 18. axb4 Ke7 19. Nc5 Rfb8 20. Ned7 Bc8
21. Nxb8 Rxb8 22. c3 Rb5 23. Kc2 a5 24. Ra1 axb4 25. Rxa7+ Kd6 26. cxb4 Rxb4
27. Nd3 Rb7 28. Rxb7 Bxb7 29. b4 Ba6 30. Rd1 Bxd3+ 31. Rxd3+ Nd5 32. Kb3 g5 33.
Kc4 h5 34. f3 Ke5 35. Kc5 g4 36. hxg4 hxg4 37. Rxd5+ exd5 38. Kxc6 gxf3 39.
gxf3 d4 40. exd4+ Kxd4 41. b5 Ke3 42. b6 Kxf3 43. b7 f4 44. b8=Q Ke3 45. Qe5+
Kf3 46. Kd5 Kg4 1-0

[Event "XVII Weekend A"]
[Site "Ceriano Laghetto ITA"]
[Date "2008.03.29"]
[Round "3"]
[White "Valsecchi, Alessio"]
[Black "Bemporad, Filippo"]
[Result "1-0"]
[WhiteElo "2238"]
[BlackElo "2053"]
[PlyCount "75"]
[EventDate "2008.03.28"]

1. e4 c5 2. Nf3 d6 3. d4 cxd4 4. Nxd4 Nf6 5. Nc3 e6 6. Bc4 Be7 7. Bb3 O-O 8.
O-O Na6 9. Re1 Nc5 10. Qf3 a6 11. Qg3 Nxb3 12. axb3 Bd7 13. Bh6 Ne8 14. Be3 Rc8
15. Red1 Qc7 16. Nf5 Bf6 17. Nxd6 Nxd6 18. Qxd6 Qxd6 19. Rxd6 Bc6 20. f3 Rfd8
21. Rad1 Rxd6 22. Rxd6 Kf8 23. Kf2 Ke7 24. Rd3 Ke8 25. Bd4 Rd8 26. Bxf6 Rxd3
27. cxd3 Bd7 28. Ke3 b5 29. Kd4 Bc8 30. b4 Bd7 31. Nd1 Bc8 32. Ne3 gxf6 33. Ng4
e5+ 34. Ke3 Ke7 35. Nh6 Bd7 36. d4 Bc8 37. d5 Bd7 38. Ng8+ 1-0

[Event "XVII Weekend A"]
[Site "Ceriano Laghetto ITA"]
[Date "2008.03.29"]
[Round "3"]
[White "Virzi, Ettore"]
[Black "Ranfagni, Stefano"]
[Result "1/2-1/2"]
[WhiteElo "2002"]
[BlackElo "2071"]
[PlyCount "30"]
[EventDate "2008.03.28"]

1. e4 e6 2. d4 d5 3. Nc3 dxe4 4. Nxe4 Nd7 5. Nf3 Ngf6 6. Bd3 Nxe4 7. Bxe4 Nf6
8. Bd3 c5 9. O-O h6 10. Qe2 cxd4 11. Bb5+ Bd7 12. Nxd4 Be7 13. Rd1 O-O 14. Bxd7
Qxd7 15. Bf4 Nd5 1/2-1/2

[Event "XVII Weekend A"]
[Site "Ceriano Laghetto ITA"]
[Date "2008.03.30"]
[Round "4"]
[White "Bemporad, Filippo"]
[Black "Bozzali, Ermanno"]
[Result "0-1"]
[WhiteElo "2053"]
[BlackElo "2165"]
[PlyCount "38"]
[EventDate "2008.03.28"]

1. d4 e6 2. g3 d5 3. Bg2 Nf6 4. Nf3 Bd6 5. O-O O-O 6. Nbd2 c5 7. c4 Nc6 8. cxd5
exd5 9. dxc5 Bxc5 10. Nb3 Bb6 11. Nbd4 Re8 12. b3 Bg4 13. Bb2 Qe7 14. Nxc6 bxc6
15. e3 Ne4 16. Qc2 Nxf2 17. Rxf2 Qxe3 18. Kf1 Bf5 19. Bd4 Bxd4 0-1

[Event "XVII Weekend A"]
[Site "Ceriano Laghetto ITA"]
[Date "2008.03.30"]
[Round "4"]
[White "Burlando, Alessandro"]
[Black "Salvador, Roland"]
[Result "0-1"]
[WhiteElo "2058"]
[BlackElo "2462"]
[PlyCount "78"]
[EventDate "2008.03.28"]

1. d4 Nf6 2. c4 e6 3. Nf3 b6 4. a3 Ba6 5. Qc2 c5 6. d5 exd5 7. cxd5 g6 8. e4
Bxf1 9. Kxf1 d6 10. g3 Bg7 11. Nc3 O-O 12. Kg2 a6 13. a4 Nbd7 14. Nd2 Qe7 15.
Nc4 Nh5 16. g4 Nhf6 17. f3 Ne8 18. Bf4 Rb8 19. Rhe1 Ne5 20. b3 b5 21. axb5 axb5
22. Na5 Rb6 23. Nc6 Nxc6 24. dxc6 Rxc6 25. Nd5 Qb7 26. Rad1 f6 27. Qd2 Rf7 28.
Bh6 c4 29. Bxg7 Kxg7 30. bxc4 bxc4 31. Rb1 Qc8 32. Qc3 Qe6 33. Rb8 Nc7 34. g5
Nxd5 35. exd5 Qxd5 36. gxf6+ Kh6 37. h4 Qf5 38. Re7 Qxf6 39. Rxf7 Qxc3 0-1